MULTIPLE CHOICE QUESTIONS IN ANATOMY (Record no. 2477)

MARC details
000 -LEADER
fixed length control field 00353nam a2200145Ia 4500
008 - FIXED-LENGTH DATA ELEMENTS--GENERAL INFORMATION
fixed length control field 150201s1989 xx 000 0 und d
082 ## - DEWEY DECIMAL CLASSIFICATION NUMBER
Classification number 611
Item number M1993S
100 ## - MAIN ENTRY--PERSONAL NAME
Personal name SINGH
245 ## - TITLE STATEMENT
Title MULTIPLE CHOICE QUESTIONS IN ANATOMY
250 ## - EDITION STATEMENT
Edition statement 1ST
260 ## - PUBLICATION, DISTRIBUTION, ETC. (IMPRINT)
Name of publisher, distributor, etc. JAYPEE MEDICAL PUBLISHER
Place of publication, distribution, etc. DELHI
Date of publication, distribution, etc. 1989
300 ## - PHYSICAL DESCRIPTION
Extent 1-293
650 ## - SUBJECT ADDED ENTRY--TOPICAL TERM
Topical term or geographic name as entry element ANATOMY
942 ## - ADDED ENTRY ELEMENTS (KOHA)
Source of classification or shelving scheme Dewey Decimal Classification
Koha item type Books
Holdings
Withdrawn status Lost status Source of classification or shelving scheme Damaged status Not for loan Home library Current library Date acquired Source of acquisition Cost, normal purchase price Serial Enumeration / chronology SGTU Bill Number Total Checkouts Full call number Barcode Date last seen Bill Date Koha item type Date last checked out
    Dewey Decimal Classification     SGT Dental Library SGT Dental Library 10/04/2002 U.B.S. DELHI 60.00 1 SGTU 45   611 M1993S FD120 09/02/2015 21/01/2012 Books  
    Dewey Decimal Classification     SGT Dental Library SGT Dental Library 10/04/2002 U.B.S. DELHI 60.00 1 SGTU 45 1 611 M1993S FD121 08/04/2019 21/01/2012 Books 23/03/2019